000 01560nam a2200445 c 4500
001 53144
003 ES-MaCES
005 20251115040005.0
008 240419s2023 mx 000 | spa d
020 _a9786075943794 (Grano de Sal)
020 _a9786075017686 (ITESM)
040 _aES-MaCES
_bspa
_cES-MaCES
100 1 _941001
_aLópez Noriega, Saúl
245 1 3 _aEl futuro de la libertad de expresión
_b: Internet, plataformas y algoritmos
_cSaúl López Noriega
250 _a1ª ed
260 _aCiudad de México
_bGrano de Sal
_c2023
260 _aMonterrey (México)
_bInstituto Tecnológico y de Estudios Superiores de Monterrey (ITESM)
300 _a319 p.
_c21 cm
504 _aBibliografía: p. 287-319
541 _cCompra
650 4 _aInternet
_930572
650 4 _aeconomía colaborativa
_937923
650 4 _anuevas tecnologías
_930788
650 4 _acambio tecnológico
_928236
650 4 _ainteligencia artificial
_930166
650 4 _aevaluación del impacto
_930732
650 4 _apublicidad
_927939
650 4 _asistema de valores
_929392
650 4 _aviolencia
_929388
650 4 _acontrol social
_927287
650 4 _alibertad de expresión
_929879
650 4 _aprotección de los datos
_929496
650 4 _aderechos civiles
_930100
650 4 _amecanismo de control
_929918
650 4 _arégimen jurídico
_929894
653 1 0 _aDerecho civil
710 2 _94329
_aInstituto Tecnológico y de Estudios Superiores de Monterrey (México)
_eed.
902 _aLIB Libro
942 _2CES
_cBK
_h6.0.7.
999 _c53144
_d53144